Children Australia /

Bibliographic Details
Other Authors: Brown, R. G. (Raymond George)
Format: Book
Language:English
Published: Sydney ; Boston : Allen & Unwin in association with the Morialta Trust of South Australia, 1980.
Subjects:

MARC

Tag First Indicator Second Indicator Subfields
LEADER 00000cam a2200000 a 4500
001 in00000082008
005 20151008055448.0
008 810709s1980 at a b 00100 eng
010 |a  80068644  
015 |a Aus 
020 |a 0868611867 
020 |a 0868611948 (pbk.) 
035 |a (OCoLC)07473420 
035 |9 AAJ3527AM 
039 0 |a 2  |b 3  |c 3  |d 3  |e 3 
040 |a DLC  |c DLC  |d TXA  |d UtOrBLW 
043 |a u-at--- 
049 |a TXAM  |c [1804596] 
050 0 0 |a HQ792.A85  |b C48 
082 0 |a 305.2/3/0994  |2 19 
245 0 0 |a Children Australia /  |c edited by R.G. Brown. 
264 1 |a Sydney ;  |a Boston :  |b Allen & Unwin in association with the Morialta Trust of South Australia,  |c 1980. 
300 |a 282 pages :  |b illustrations ;  |c 23 cm. 
336 |a text  |b txt  |2 rdacontent 
337 |a unmediated  |b n  |2 rdamedia 
338 |a volume  |b nc  |2 rdacarrier 
504 |a Includes bibliographical references and index. 
650 0 |a Children  |z Australia. 
700 1 |a Brown, R. G.  |q (Raymond George) 
999 |a MARS 
999 f f |s 25c4b8a4-174f-397b-ac05-291a23835ecb  |i 3cc58b61-6735-3e2d-b716-15f205939a74  |t 0 
952 f f |p ric  |a Texas A&M University  |b Rellis Campus  |c Joint Library Facility  |d Remote Storage  |t 0  |e HQ792.A85 C48  |h Library of Congress classification  |i unmediated -- volume  |m A14806142564 
998 f f |a HQ792.A85 C48  |t 0  |l Remote Storage